Connecting greater Mekong subregion railways : A strategic framework
This strategic framework develops a practical approach to railway integration in the Greater Mekong Subregion, provides GMS countries with an initial framework for achieving integration and interoperability, identifies priority initiatives, builds a platform for further dialogue and discussion betwe...
Shranjeno v:
| Format: | Knjiga |
|---|---|
| Jezik: | Undetermined |
| Izdano: |
Philippines
ADB
2010
|
| Teme: | |
| Oznake: |
Označite
Brez oznak, prvi označite!
|
| Thư viện lưu trữ: | Trung tâm Học liệu Trường Đại học Cần Thơ |
|---|
| LEADER | 01000nam a2200217Ia 4500 | ||
|---|---|---|---|
| 001 | CTU_166398 | ||
| 008 | 210402s9999 xx 000 0 und d | ||
| 082 | |a 385.506 | ||
| 082 | |b C752 | ||
| 245 | 0 | |a Connecting greater Mekong subregion railways : | |
| 245 | 2 | |b A strategic framework | |
| 245 | 0 | |c Asian Development Bank (ADB) | |
| 260 | |a Philippines | ||
| 260 | |b ADB | ||
| 260 | |c 2010 | ||
| 520 | |a This strategic framework develops a practical approach to railway integration in the Greater Mekong Subregion, provides GMS countries with an initial framework for achieving integration and interoperability, identifies priority initiatives, builds a platform for further dialogue and discussion between and among GMS countries, and provides a context for evaluating future projects. | ||
| 650 | |a Railroads,Đường sắt | ||
| 650 | |x Management,Quản lý | ||
| 650 | |z Vietnam,Việt Nam | ||
| 904 | |i Trọng Hiếu | ||
| 980 | |a Trung tâm Học liệu Trường Đại học Cần Thơ | ||